<?xml version="1.0" encoding="UTF-8"?>
<collection xmlns="http://www.loc.gov/MARC21/slim">
 <record>
  <leader>01805nam a22002535a 4500</leader>
  <controlfield tag="001">CEM.cems018621</controlfield>
  <controlfield tag="008">130507b2017##################000#0#####d</controlfield>
  <controlfield tag="005">20250305113639.0</controlfield>
  <datafield tag="245" ind1="1" ind2="0">
   <subfield code="a">Intruducción a la mejora genética vegetal /</subfield>
   <subfield code="c">José Ignacio Cubero Salmeron</subfield>
  </datafield>
  <datafield tag="250" ind1=" " ind2=" ">
   <subfield code="a">3era.</subfield>
  </datafield>
  <datafield tag="260" ind1=" " ind2=" ">
   <subfield code="a">Resistencia :</subfield>
   <subfield code="b">Jerez Editores,2017.</subfield>
  </datafield>
  <datafield tag="300" ind1=" " ind2=" ">
   <subfield code="a">602p. ; 24cm.</subfield>
  </datafield>
  <datafield tag="505" ind1="0" ind2=" ">
   <subfield code="a">Agriculturs y mejora   Biotecnología en la Mejora   La célula   Los cromosomas   El gen   El genoma   Reproducción celular   Mapas genéticos   Análisis genético de los caracteres cuantitativas   Poblaciones, reproducción y causas de variación   Productos y métodos de mejora   Manejo de genes cualitativos   Mejora de autógamas   Alógamas   Líneas puras en la mejora de alógamas   Variedades Sintéticas   Variedades Híbridas   Plantas de multiplicación vegetativa   Mutación artificial en la mejora   Poliploides mejora vegetal   Cultivo de tejidos en la mejora   Ingeniería Genética y aplicaciones   Variedades Resistentes aplagas y enfermedades   Mejora especies forestales   Registro, protección, patentes y recursos genéticos   Recursos genéticos y el ambiente</subfield>
  </datafield>
  <datafield tag="020" ind1=" " ind2=" ">
   <subfield code="a">9789874424228</subfield>
  </datafield>
  <datafield tag="100" ind1="1" ind2=" ">
   <subfield code="a">Cubero Salmeron, José Ignacio</subfield>
  </datafield>
  <datafield tag="082" ind1="0" ind2="4">
   <subfield code="a">575.1</subfield>
  </datafield>
  <datafield tag="653" ind1=" " ind2=" ">
   <subfield code="a">Genetica -- genetica vegeteal</subfield>
  </datafield>
  <datafield tag="859" ind1=" " ind2=" ">
   <subfield code="a">CEMS</subfield>
   <subfield code="b">BIB. CEMS - Agricultura</subfield>
   <subfield code="h">575.1</subfield>
   <subfield code="i">C891</subfield>
   <subfield code="p">A3048.18</subfield>
   <subfield code="t">Ej.1</subfield>
  </datafield>
  <datafield tag="859" ind1=" " ind2=" ">
   <subfield code="a">CEMS</subfield>
   <subfield code="b">BIB. CEMS - Agricultura</subfield>
   <subfield code="h">575.1</subfield>
   <subfield code="i">C891</subfield>
   <subfield code="p">A3049.18</subfield>
   <subfield code="t">Ej.2</subfield>
  </datafield>
  <datafield tag="859" ind1=" " ind2=" ">
   <subfield code="a">CEMS</subfield>
   <subfield code="b">BIB. CEMS - Agricultura</subfield>
   <subfield code="h">575.1</subfield>
   <subfield code="i">C891</subfield>
   <subfield code="p">A3050.18</subfield>
   <subfield code="t">Ej.3</subfield>
  </datafield>
  <datafield tag="859" ind1=" " ind2=" ">
   <subfield code="a">CEMS</subfield>
   <subfield code="b">BIB. CEMS - Agricultura</subfield>
   <subfield code="h">575.1</subfield>
   <subfield code="i">C891</subfield>
   <subfield code="p">A3051.18</subfield>
   <subfield code="t">Ej.4</subfield>
  </datafield>
  <datafield tag="859" ind1=" " ind2=" ">
   <subfield code="a">CEMS</subfield>
   <subfield code="b">BIB. CEMS - Agricultura</subfield>
   <subfield code="h">575.1</subfield>
   <subfield code="i">C891</subfield>
   <subfield code="p">A3052.18</subfield>
   <subfield code="t">Ej.5</subfield>
  </datafield>
  <datafield tag="859" ind1=" " ind2=" ">
   <subfield code="a">CEMS</subfield>
   <subfield code="b">BIB. CEMS - Agricultura</subfield>
   <subfield code="h">575.1</subfield>
   <subfield code="i">C891</subfield>
   <subfield code="p">A3782.25</subfield>
   <subfield code="t">Ej.6</subfield>
  </datafield>
  <datafield tag="859" ind1=" " ind2=" ">
   <subfield code="a">CEMS</subfield>
   <subfield code="b">BIB. CEMS - Agricultura</subfield>
   <subfield code="h">575.1</subfield>
   <subfield code="i">C891</subfield>
   <subfield code="p">A3783.25</subfield>
   <subfield code="t">Ej.7</subfield>
  </datafield>
 </record>
</collection>
